Central Library OPAC University of Rajshahi

An outline of statistics / (Record no. 35395)

MARC details
000 -LEADER
fixed length control field 00609nam a22002297a 4500
001 - CONTROL NUMBER
control field 35395
003 - CONTROL NUMBER IDENTIFIER
rucl marc code BD-RjUL
005 - DATE AND TIME OF LATEST TRANSACTION
control field 20211209052319.0
008 - FIXED-LENGTH DATA ELEMENTS--GENERAL INFORMATION
fixed length control field 140524s1966 enka s 001 0 eng d
035 ## - SYSTEM CONTROL NUMBER
System control number (BD-RjUL)35489
040 ## - CATALOGING SOURCE
Original cataloging agency BD-RjUL
Language of cataloging eng
Transcribing agency BD-RjUL
041 ## - LANGUAGE CODE
Language code of text/sound track or separate title eng
082 ## - DEWEY DECIMAL CLASSIFICATION NUMBER
Classification number 519.5
Author mark and year HAO 1966
100 1# - MAIN ENTRY--PERSONAL NAME
Personal name Hays, Samuel.
9 (RLIN) 107724
245 ## - TITLE STATEMENT
Title An outline of statistics /
Statement of responsibility, etc. by Samuel Hays.
250 ## - EDITION STATEMENT
Edition statement New and 7th ed.
260 ## - PUBLICATION, DISTRIBUTION, ETC. (IMPRINT)
Place of publication, distribution, etc. London :
Name of publisher, distributor, etc. Longmans,
Date of publication, distribution, etc. c1966.
300 ## - PHYSICAL DESCRIPTION
Pagination x, 278 p. :
Illustrations illus. ;
Size 19 cm.
504 ## - BIBLIOGRAPHY, ETC. NOTE
Bibliography, etc Includes index.
650 #0 - SUBJECT ADDED ENTRY--TOPICAL TERM
Topical term or geographic name as entry element Statistics.
9 (RLIN) 107725
942 ## - ADDED ENTRY ELEMENTS (KOHA)
Source of classification or shelving scheme Dewey Decimal Classification
Koha item type Books
Holdings
Lost status Source of classification or shelving scheme Damaged status Not for loan Collection code Permanent Location Current Location Shelving location Date acquired Source of acquisition Cost, normal purchase price Total Checkouts Full call number Date last seen Copy number Koha item type
  Dewey Decimal Classification     Non-fiction Central Library, University of Rajshahi Central Library, University of Rajshahi   10/06/1969 Zeitlinger 15.00   519.5 HAO 1966 24/05/2014 C-8 Books
  Dewey Decimal Classification     Non-fiction Central Library, University of Rajshahi Central Library, University of Rajshahi   10/06/1969 Zeitlinger 15.00   519.5 HAO 1966 24/05/2014 C-10 Books
  Dewey Decimal Classification     Non-fiction Central Library, University of Rajshahi Central Library, University of Rajshahi   10/06/1969 Zeitlinger 15.00   519.5 HAO 1966 24/05/2014 C-9 Books
  Dewey Decimal Classification     Non-fiction Central Library, University of Rajshahi Central Library, University of Rajshahi   10/06/1969 Zeitlinger 15.00   519.5 HAO 1966 24/05/2014 C-6 Books
  Dewey Decimal Classification     Non-fiction Central Library, University of Rajshahi Central Library, University of Rajshahi   10/06/1969 Zeitlinger 15.00   519.5 HAO 1966 24/05/2014 C-7 Books